| 000 | 00635nam a22001817a 4500 | ||
|---|---|---|---|
| 999 |
_c176418 _d176418 |
||
| 005 | 20201222124129.0 | ||
| 010 | _aENG-128704 | ||
| 020 |
_a978-0-19-948422-5 _c1195.00 |
||
| 035 | _aEN-112236 | ||
| 037 | _bDBAD/PUB | ||
| 082 | _a378.0770954 | ||
| 100 | _aBorker, Hem | ||
| 245 |
_aMadrasas and the Making of Islamic Womanhood _bHem Borker |
||
| 260 |
_aNew Delhi _bOxford University Press _c2018 |
||
| 270 |
_bNew Delhi _e110002 _a2/11, Ground Floor, Ansari Road, Daryaganj |
||
| 300 |
_axiv+326p. _c22cm(hbk) _bIncluding illustrations, bibliographical references and index. |
||
| 942 |
_2ddc _cEN _h378.0770954 _mBOR |
||